Nízke vysoké ceny energií
Dopad zvyšovania cien energie na spotrebiteľa a domácnosti. Vývoj cien zemného plynu pre domácnosti. Maximálna cena pri spotrebe zemného plynu v domácnostiach. Stanovisko Podnikateľskej aliancie Slovenska k vyšším cenám za energiu.
Salvato in:
| Natura: | Capitolo di libro |
|---|---|
| Lingua: | slovacco |
| Soggetti: | |
| Tags: |
Nessun Tag, puoi essere il primo ad aggiungerne!!
|
MARC
| LEADER | 00000naa a2200000 4500 | ||
|---|---|---|---|
| 001 | r047524 | ||
| 005 | 20230920090411.0 | ||
| 041 | 0 | |a slo | |
| 044 | |a SK | ||
| 245 | 1 | 0 | |a Nízke vysoké ceny energií |
| 520 | |a Dopad zvyšovania cien energie na spotrebiteľa a domácnosti. Vývoj cien zemného plynu pre domácnosti. Maximálna cena pri spotrebe zemného plynu v domácnostiach. Stanovisko Podnikateľskej aliancie Slovenska k vyšším cenám za energiu. | ||
| 610 | 2 | 0 | |a výroba energie |
| 610 | 2 | 0 | |a plyn zemný |
| 610 | 2 | 0 | |a elektrina |
| 610 | 2 | 0 | |a domácnosti |
| 610 | 2 | 0 | |a odberatelia |
| 610 | 2 | 0 | |a Slovensko |